Statistics for X-Men Quizzes 20: Nightcrawler

Click here to take the quiz!

General Stats

  • This quiz has been taken 16 times
  • The average score is 8 of 11

Answer Stats

HintAnswer% Correct
What religion is he?Catholic
94%
What country was he born in?Germany
88%
What is his real name?Kurt Wagner
88%
Who is his mother?Mystique / Raven Darkhölme
88%
What extra appendage does he have?Tail
88%
In which movie did he make his debut?X2
81%
From where did he get his stage name?Circus
75%
Who is his best friend?Wolverine / Logan
63%
Who is his father?Azazel
56%
Who portrayed him in 2003?Alan Cumming
25%
Who portrayed him in 2016?Kodi Smit-McPhee
13%

Score Distribution

Percentile by Number Answered

Percent of People with Each Score

Your Score History

You have not taken this quiz